Estructuras algebraicas morfismos-grupo, anillo-cuerpo.

Guardado en:
Bibliografiske detaljer
Hovedforfatter: Rodríguez Herrera, Rubén (autor)
Format: Bog
Sprog:spansk
Serier:(Cuadernos CIEP ; no. 2)
Fag:
Tags: Tilføj Tag
Ingen Tags, Vær først til at tagge denne postø!

MARC

LEADER 00000cam^a2200000uu^4500
001 000484821
005 20250521000000.0
008 031408s1976^^^^^^^^^^^^rd^r^^000^0^spa^d
009 20260310125142.755
035 |a FCE 000027887 
035 |a FCE 024374 
037 |a Acervo ITESO - Biblioteca 
041 |a spa 
082 0 4 |a 512  |b CIEP 2 
100 |a Rodríguez Herrera, Rubén  |e (autor) 
245 1 0 |a Estructuras algebraicas morfismos-grupo, anillo-cuerpo. 
264 |a Montevideo :  |b CIEP,  |c 1976. 
300 |a 145 p. 
336 |a texto  |b txt  |2 rdacontenido 
337 |a sin mediación  |b n  |2 rdamedio 
338 |a volumen  |b nc  |2 rdasoporte 
440 0 |a (Cuadernos CIEP ;  |v no. 2) 
649 |a XX 
650 |a Matemáticas 
650 |a Álgebra 
910 |a Fondo Centro de Estudios Educativos 
920 |a Impresos - Libros 
930 |a Fondos Especiales 
905 |a 133 
901 |a ALE024374  |b IT2  |c CEE  |u 20250521 
902 |a https://opac.biblio.iteso.mx/vufind/Record/000484821